Mal's Asian Closest Capital Hopscotch - Statistics

General Stats
  • This quiz has been taken 487 times
  • The average score is 41 of 47
Answer Stats
Hint Answer % Correct
453 - A Baku
95%
690 - I New Delhi
94%
538 - I Tehran
94%
812 - C Beijing
93%
1480 - SK Seoul
93%
Moscow 1648 - G Tbilisi
93%
481 - V Hanoi
92%
371 - P Islamabad
92%
885 - I Jakarta
92%
1853 - A Kabul
92%
194 - NK Pyong Yang
92%
989 - T Bangkok
91%
316 - S Singapore
91%
3013 - J Tokyo
91%
170 - A Yerevan
91%
435 - UAE Abu Dhabi
90%
948 - K Astana
90%
301 - Q Doha
90%
802 - N Kathmandu
90%
996 - M Kuala Lumpur
90%
427 - SA Riyadh
90%
1161 - T Taipei
90%
87 - L Beirut
89%
69 - I Jerusalem
89%
541 - K Kuwait City
89%
1261 - P Manila
89%
755 - S Damascus
88%
422 - B Dhaka
88%
537 - C Phnom Penh
88%
1168 - M Ulaan Baatar
88%
219 - J Amman
87%
551 - I Baghdad
87%
2685 - O Muscat
87%
2938 - Y Sana'a
87%
307 - U Tashkent
87%
929 - T Ankara
86%
472 - K Bishkek
85%
713 - L Vientiane
85%
669 - T Ashgabat
84%
5117 - ET Dili
84%
771 - M Male
84%
912 - T Dushanbe
82%
141 - B Manama
82%
428 - B Thimphu
81%
5347 - SL Sri Jayawardenapura Kotte
80%
1518 - B Bandar Seri Begawan
79%
734 - M Naypyidaw
72%
No matching quizzes found
Score Distribution
Percent of People with Each Score
Percentile by Number Answered
Your Score History
You have not taken this quiz